Comprehension processes in reading /

Bibliographic Details
Other Authors: Balota, D. A., Flores D'Arcais, Giovanni B., Rayner, Keith
Format: Book
Language:English
Published: Hillsdale, N.J. : L. Erlbaum, 1990.
Subjects:

MARC

Tag First Indicator Second Indicator Subfields
LEADER 00000cam a2200000 a 4500
001 in00000972775
005 20150927111227.0
008 900123s1990 njua b 10100 eng
010 |a  90031318  
020 |a 0805806539 
020 |a 0805806547 (pbk.) 
035 |a (OCoLC)21030135 
035 |9 AEW0809AM 
040 |a DLC  |c DLC  |d TXA  |d UtOrBLW 
049 |a TXAM 
050 0 0 |a LB1050.45  |b .C73 1990 
082 0 0 |a 428.4/3  |2 20 
245 0 0 |a Comprehension processes in reading /  |c edited by D.A. Balota, G.B. Flores d'Arcais, K. Rayner. 
264 1 |a Hillsdale, N.J. :  |b L. Erlbaum,  |c 1990. 
300 |a xix, 656 pages :  |b illustrations ;  |c 24 cm. 
336 |a text  |b txt  |2 rdacontent 
337 |a unmediated  |b n  |2 rdamedia 
338 |a volume  |b nc  |2 rdacarrier 
500 |a Papers from a conference held at the Netherlands Institute for Advanced Studies in Wassenaar and at the Netherlands Royal Academy of Sciences in Amsterdam in June 1988. 
504 |a Includes bibliographical references and indexes. 
650 0 |a Reading comprehension  |x Congresses. 
650 0 |a Word recognition  |x Congresses. 
700 1 |a Balota, D. A. 
700 1 |a Flores D'Arcais, Giovanni B. 
700 1 |a Rayner, Keith. 
999 |a MARS 
999 f f |s 4a112dbc-209e-3d82-96c8-fec7b60ecf55  |i 58626b86-3e47-3cf2-9b94-847fbc53d337  |t 0 
952 f f |p normal  |a Texas A&M University  |b College Station  |c Sterling C. Evans Library  |d Evans: Library Stacks  |t 0  |e LB1050.45 .C73 1990  |h Library of Congress classification  |i unmediated -- volume  |m A14814025247 
998 f f |a LB1050.45 .C73 1990  |t 0  |l Evans: Library Stacks